000 00564nam a22001817a 4500
005 20251108164746.0
008 250721s9999 xx 000 0 ara d
082 1 4 _a615.89/فدا
100 1 _aعارف، أبو الفداء محمد عزت محمد
245 1 0 _aالزعتر :
_bالعشب الساحر غذاء و دواء /
264 1 _aالقاهره :
_bدار الفضيلة،
_c[19-].
300 _a47ص
650 1 7 _aالأعشاب الطبية
650 1 7 _aالصعتر
650 1 7 _aالطب الشعبي
942 _2ddc
_cBK
999 _c13663
_d13663